000
00293nam a22001337a 4500
003
SGT
082
_a
346.08
_b
AWA
100
_a
AWASTHI S K
245
_a
JUDGEMENTS ON DISHONOUR OF CHEQUES
250
_a
2
260
_a
ALLAHABAD
_b
PREMIER PUBLISHING
_c
1997
300
_a
1080
942
_2
ddc
_c
BK
999
_c
32768
_d
32768